00712 a2200205 4500010001400000020002300014035001300037037001800050082001000068090001500078100001700093245003700110260004000147270008100187300002400268500004000292942002500332999001500357952013400372 aENG-85262 a8189462334c400.00 aEN-68795 bD.B.Act / Pub14a372.6 c1918d19181 aBhardwaj, V.10aEnglish teachingcby V. Bhardwaj aJaipurbShri Kavita Prakashanc2007 a21-A, Shriram, Gurjar ki Thadi, New Sanganer Road, SodalebJaipurcRajasthan a272 p.c22 cm. (Hb) aIncludes bibliographical references adplcENk372.6 / BHA c1886d1886 00102ddc40718NFICaDBADbDBADeDBAD/PUBg400.00l0o372.6 BHApEN-68795r2008-09-15 00:00:00t1u1995v400.00w2008-09-15yEN